[Event "ICS rated blitz match"]
[Site "204.178.125.65"]
[Date "2000.12.29"]
[Round "?"]
[White "QueenMaxima"]
[Black "Hossa"]
[Result "1-0"]
[WhiteElo "2527"]
[BlackElo "2582"]
[PlyCount "171"]
[EventDate "2000.??.??"]

1. e4 e5 2. Nf3 Nc6 3. Bb5 a6 4. Bc4 Bc5 5. O-O Nge7 6. Ng5 d5 7. exd5 Nxd5 8.
Qh5 g6 9. Qf3 Be6 10. Nxe6 fxe6 11. Nc3 Rf8 12. Qh3 Qd7 13. Nxd5 exd5 14. Qxd7+
Kxd7 15. Bxd5 Kd6 16. Be4 Rf7 17. d3 Raf8 18. Bh6 Bxf2+ 19. Kh1 Rb8 20. c3 Re8
21. Rad1 Nd8 22. Bf3 Bc5 23. Rfe1 Rg8 24. d4 exd4 25. cxd4 Bb6 26. a4 Nc6 27.
Re4 Ne7 28. Bg5 c6 29. Rde1 Bd8 30. Bf4+ Kd7 31. Bg4+ Nf5 32. d5 cxd5 33. Rd4
Rgf8 34. Rxd5+ Kc8 35. Rc1+ Bc7 36. Rdc5 Re8 37. Bxc7 Kd7 38. Bf3 Rfe7 39. Rd1+
Ke6 40. Bxb7 Kf6 41. Rg1 Re2 42. b4 Rb2 43. Ba5 Ne3 44. Bxa6 Ra2 45. Re1 Nf5
46. Rec1 Ne3 47. Bb5 Rb8 48. Bc6 h6 49. Re1 Ng4 50. Kg1 Kg7 51. h3 Nf6 52. Re7+
Kf8 53. Ra7 Kg8 54. g4 Ra1+ 55. Kg2 Ra2+ 56. Kf3 Ra3+ 57. Ke2 g5 58. Rf5 Rf8
59. Rf3 Ra1 60. Bb6 Ra2+ 61. Kd1 Rh2 62. Bc5 Rd8+ 63. Ke1 Rh1+ 64. Kf2 Rd2+ 65.
Ke3 Rdd1 66. Rxf6 Rhe1+ 67. Kf3 Rf1+ 68. Bf2 Rd2 69. Ke3 Rfd1 70. Rg6+ Kh8 71.
Re6 Rd8 72. Rxh6+ Kg8 73. Rh5 R8d4 74. Rxg5+ Kf8 75. Kf3 R1d3+ 76. Kg2 Rd2 77.
Re5 Rd8 78. Rc7 Rd1 79. Bc5+ Kg8 80. Ree7 R1d2+ 81. Kg3 R2d3+ 82. Kh4 R8d7 83.
Bxd7 Rf3 84. Rc8+ Rf8 85. Be6+ Kh8 86. Bd4# {Hossa checkmated} 1-0

[Event "ICS rated blitz match"]
[Site "204.178.125.65"]
[Date "2000.12.29"]
[Round "?"]
[White "Feisty"]
[Black "Hossa"]
[Result "1-0"]
[WhiteElo "2568"]
[BlackElo "2563"]
[PlyCount "91"]
[EventDate "2000.??.??"]

1. e4 e5 2. Nf3 Nf6 3. Nxe5 Qe7 4. d4 d6 5. Nf3 Nxe4 6. Be2 d5 7. O-O Nc6 8. c3
Bg4 9. Bb5 O-O-O 10. Bxc6 bxc6 11. Re1 Qf6 12. Qd3 c5 13. Qe3 cxd4 14. Nxd4 c5
15. Nb3 Bf5 16. f3 d4 17. Qe2 d3 18. Qe3 d2 19. Bxd2 Nxd2 20. N1xd2 Qg6 21. Nc4
Bh3 22. Qf2 Rd5 23. f4 Be6 24. Ne5 Qh5 25. c4 Rd8 26. Nxc5 Bg4 27. h3 Bxh3 28.
gxh3 Qxh3 29. Ne4 Bb4 30. Re2 Qh5 31. Ng3 Qh3 32. Nxf7 Rd3 33. Ne4 Rf8 34. Ne5
Rdd8 35. Qxa7 Rxf4 36. Qa8+ Kc7 37. Qc6+ Kb8 38. Qb6+ Kc8 39. Qxb4 Rdf8 40.
Nd6+ Kd8 41. Qb6+ Ke7 42. Nef7+ Re4 43. Rxe4+ Qe6 44. Nf5+ Kd7 45. Qb7+ Ke8 46.
Rxe6# {Hossa checkmated} 1-0

[Event "ICS rated blitz match"]
[Site "204.178.125.65"]
[Date "2000.12.29"]
[Round "?"]
[White "Hossa"]
[Black "Feisty"]
[Result "0-1"]
[WhiteElo "2547"]
[BlackElo "2584"]
[PlyCount "134"]
[EventDate "2000.??.??"]

1. e4 c6 2. d3 d5 3. Nd2 e6 4. d4 dxe4 5. Nxe4 Nd7 6. Bg5 Ngf6 7. Nf3 h6 8.
Nxf6+ Nxf6 9. Be3 Nd5 10. Bd2 Bd6 11. c4 Nc7 12. Bd3 O-O 13. Qc2 Bd7 14. O-O
Qf6 15. Rfe1 Rad8 16. Re2 a6 17. Ne5 Be8 18. Bh7+ Kh8 19. c5 Nb5 20. Nf3 Bf4
21. Bxf4 Qxf4 22. Bd3 Nxd4 23. Nxd4 Qxd4 24. Rd2 Rd5 25. Qb3 e5 26. Rad1 Qxc5
27. Qxb7 e4 28. Bf1 e3 29. Rxd5 exf2+ 30. Kh1 cxd5 31. Qxd5 Qxd5 32. Rxd5 Bb5
33. Bxb5 axb5 34. Rf5 Rd8 35. g4 Rd2 36. Kg2 f1=Q+ 37. Kxf1 Rxb2 38. Rxf7 Rxa2
39. Rb7 Rxh2 40. Rxb5 Kh7 41. Rh5 Ra2 42. Re5 Ra4 43. g5 h5 44. Kg2 Rg4+ 45.
Kf3 Kg6 46. Ra5 Rg1 47. Kf4 h4 48. Ra6+ Kh5 49. Ra8 Rf1+ 50. Ke3 Kxg5 51. Ra7
g6 52. Ke2 Rf5 53. Ra1 h3 54. Rh1 Kh4 55. Rg1 h2 56. Rd1 Kg3 57. Rd3+ Kg2 58.
Rd6 Rf2+ 59. Ke3 h1=Q 60. Rxg6+ Kf1 61. Ra6 Qf3+ 62. Kd4 Rd2+ 63. Kc4 Qd5+ 64.
Kb4 Rb2+ 65. Kc3 Rb3+ 66. Kc2 Qd3+ 67. Kc1 Rb1# {Hossa checkmated} 0-1

[Event "ICS rated blitz match"]
[Site "204.178.125.65"]
[Date "2000.12.29"]
[Round "?"]
[White "Hossa"]
[Black "Polloman"]
[Result "1-0"]
[WhiteElo "2533"]
[BlackElo "2030"]
[PlyCount "25"]
[EventDate "2000.??.??"]

1. d4 Nf6 2. Nf3 g6 3. Nc3 Bg7 4. e4 d6 5. Bd3 O-O 6. O-O c5 7. dxc5 dxc5 8.
Bc4 Bg4 9. Qxd8 Rxd8 10. Ne5 Nbd7 11. Nxf7 e6 12. Nxd8 Rxd8 13. f3 {
Polloman resigns} 1-0

[Event "ICS rated blitz match"]
[Site "204.178.125.65"]
[Date "2000.12.29"]
[Round "?"]
[White "Feisty"]
[Black "Hossa"]
[Result "1-0"]
[WhiteElo "2611"]
[BlackElo "2535"]
[PlyCount "89"]
[EventDate "2000.??.??"]

1. e4 c6 2. d4 d5 3. Nc3 dxe4 4. Nxe4 Nd7 5. Nf3 Ngf6 6. Nxf6+ exf6 7. Bd3 Nb6
8. O-O Bg4 9. h3 Bxf3 10. Qxf3 Qxd4 11. Re1+ Be7 12. Qe2 Qd8 13. Bd2 Kf8 14.
Rad1 Bd6 15. Bf5 Qc7 16. Qe4 Bh2+ 17. Kh1 Be5 18. c3 Rd8 19. Kg1 Kg8 20. Qh4
Bh2+ 21. Kh1 Bd6 22. Bf4 Nd5 23. Bxd6 Qxd6 24. c4 Qb4 25. a3 Qxb2 26. cxd5 g6
27. dxc6 Rxd1 28. Rxd1 Kg7 29. c7 Qc3 30. Qg3 Qa5 31. c8=Q Rxc8 32. Bxc8 b6 33.
Rd7 Qe1+ 34. Kh2 Qe8 35. Qc7 Qf8 36. Re7 Kg8 37. Ba6 b5 38. Bxb5 f5 39. Re8 a5
40. Rxf8+ Kxf8 41. Bc4 Kg7 42. Qxf7+ Kh6 43. f4 a4 44. Qe7 g5 45. Qxg5# {
Hossa checkmated} 1-0

[Event "ICS rated bullet match"]
[Site "204.178.125.65"]
[Date "2000.12.29"]
[Round "?"]
[White "Hossa"]
[Black "Feisty"]
[Result "0-1"]
[WhiteElo "2591"]
[BlackElo "2563"]
[PlyCount "136"]
[EventDate "2000.??.??"]

1. e4 c6 2. d4 d5 3. Nc3 dxe4 4. Nxe4 e6 5. Nf3 f5 6. Ng3 Nf6 7. Bd3 Be7 8. O-O
O-O 9. Re1 c5 10. Bc4 Nd5 11. dxc5 Nc6 12. Nd4 Nxd4 13. Qxd4 Qa5 14. Rd1 Bxc5
15. Qd3 Qb6 16. Qf3 Nb4 17. Bb3 Nc6 18. Qf4 Nd4 19. Be3 Nxb3 20. cxb3 Qb4 21.
Qc7 Bxe3 22. fxe3 Qh4 23. Rd4 Qg5 24. Re1 Rf7 25. Rd8+ Rf8 26. Rxf8+ Kxf8 27.
e4 Qd2 28. Rf1 Qd4+ 29. Kh1 Kg8 30. Qe7 Bd7 31. exf5 exf5 32. Ne2 Qd2 33. Ng3
Bc6 34. Qe6+ Kh8 35. Qe2 Qxe2 36. Nxe2 Bb5 37. Rf2 Re8 38. Ng1 g6 39. Nf3 Kg7
40. Kg1 Bc6 41. Nd4 Re1+ 42. Rf1 Rxf1+ 43. Kxf1 Kf6 44. Nxc6 bxc6 45. Kf2 Ke5
46. Kf3 c5 47. Ke3 a5 48. Kd3 Kd5 49. h4 f4 50. a3 h6 51. Ke2 Ke4 52. Kd2 f3
53. gxf3+ Kxf3 54. Ke1 Kg4 55. a4 Kxh4 56. Kf2 Kh3 57. Kg1 g5 58. Kh1 g4 59.
Kg1 Kg3 60. b4 cxb4 61. Kf1 Kf3 62. Ke1 g3 63. Kd2 g2 64. b3 g1=Q 65. Kd3 Qc5
66. Kd2 Qc3+ 67. Kd1 Qb2 68. Ke1 Qc1# {Hossa checkmated} 0-1

[Event "ICS rated bullet match"]
[Site "204.178.125.65"]
[Date "2000.12.29"]
[Round "?"]
[White "Feisty"]
[Black "Hossa"]
[Result "1-0"]
[WhiteElo "2580"]
[BlackElo "2574"]
[PlyCount "73"]
[EventDate "2000.??.??"]

1. e4 c5 2. Nf3 d6 3. d4 cxd4 4. Nxd4 Nf6 5. Nc3 g6 6. Be3 Bg7 7. f3 O-O 8. Qd2
Nc6 9. Bc4 Bd7 10. h4 Rc8 11. Nxc6 Rxc6 12. Bb3 Nh5 13. g4 Bxc3 14. bxc3 Ng7
15. Bd5 Rc7 16. Bb3 b6 17. h5 gxh5 18. gxh5 Re8 19. h6 e6 20. Rg1 Qh4+ 21. Qf2
Qf6 22. Rxg7+ Kf8 23. O-O-O Rec8 24. Qg3 Rc6 25. Rg8+ Ke7 26. Rxc8 Qxc3 27.
Bg5+ f6 28. Rxc6 Qa1+ 29. Kd2 Qe5 30. Bf4 Qd4+ 31. Ke2 Qxd1+ 32. Kxd1 Bxc6 33.
Qg7+ Kd8 34. Bxd6 Bd7 35. Qf8+ Be8 36. Qe7+ Kc8 37. Qc7# {Hossa checkmated} 1-0

[Event "ICS rated bullet match"]
[Site "204.178.125.65"]
[Date "2000.12.29"]
[Round "?"]
[White "Hossa"]
[Black "Feisty"]
[Result "0-1"]
[WhiteElo "2558"]
[BlackElo "2596"]
[PlyCount "116"]
[EventDate "2000.??.??"]

1. d4 g6 2. e4 d5 3. exd5 Qxd5 4. Nc3 Qd8 5. d5 Bg7 6. Bc4 Bxc3+ 7. bxc3 c6 8.
Bg5 f6 9. Bf4 cxd5 10. Bxd5 e6 11. Bc4 Qxd1+ 12. Rxd1 e5 13. Be3 Nc6 14. Ne2
Bf5 15. Ng3 Bxc2 16. Rd2 Bf5 17. Nxf5 gxf5 18. Be6 f4 19. Bd7+ Kf7 20. Bxc6
bxc6 21. Rd7+ Ke6 22. Rxa7 Nh6 23. Rxa8 Rxa8 24. Bd2 Rxa2 25. Ke2 e4 26. Rb1
Ng4 27. f3 e3 28. fxg4 Rxd2+ 29. Kf3 Ke5 30. Rf1 Rc2 31. g3 fxg3 32. Kxg3 Rxc3
33. Rf5+ Ke6 34. Rh5 Rc2 35. Rxh7 c5 36. Rh8 Ke7 37. Rh7+ Kd6 38. Rh8 e2 39.
Re8 c4 40. h4 c3 41. g5 fxg5 42. Kf2 gxh4 43. Re3 Kc5 44. Ke1 Kd4 45. Re7 h3
46. Rd7+ Ke3 47. Re7+ Kf3 48. Rf7+ Kg2 49. Rf2+ Kh1 50. Rf5 h2 51. Rg5 Ra2 52.
Rg4 c2 53. Rc4 Kg2 54. Rg4+ Kf3 55. Rg3+ Kxg3 56. Kd2 c1=Q+ 57. Kd3 e1=Q 58.
Kd4 Rd2# {Hossa checkmated} 0-1

[Event "ICS rated blitz match"]
[Site "204.178.125.65"]
[Date "2000.12.29"]
[Round "?"]
[White "Adrian-Wills"]
[Black "Hossa"]
[Result "0-1"]
[WhiteElo "1906"]
[BlackElo "2522"]
[PlyCount "106"]
[EventDate "2000.??.??"]

1. e4 c6 2. Nc3 g6 3. d4 Bg7 4. Be3 d5 5. e5 Nh6 6. Qd2 Ng4 7. O-O-O Nxe3 8.
Qxe3 b5 9. h4 b4 10. Nce2 Qa5 11. Kb1 Bg4 12. f3 Bd7 13. g4 b3 14. cxb3 Na6 15.
Qc3 Qxc3 16. bxc3 O-O 17. h5 g5 18. Nh3 f6 19. exf6 Bxf6 20. Ng3 Nc7 21. Bd3 e6
22. Rdf1 a5 23. Kb2 a4 24. f4 gxf4 25. Nxf4 axb3 26. axb3 Be7 27. Nh3 Rfe8 28.
g5 Bd6 29. Ne2 Ba3+ 30. Kc2 Re7 31. Ra1 e5 32. dxe5 Rxe5 33. Nhf4 Rxg5 34. Rhg1
Be7 35. Rxa8+ Nxa8 36. Rxg5+ Bxg5 37. c4 Nc7 38. cxd5 cxd5 39. Nxd5 Nxd5 40.
Bc4 Bf5+ 41. Kb2 Be4 42. Ka3 Kg7 43. Bxd5 Bxd5 44. b4 Kh6 45. Ka4 Kxh5 46. b5
Bd2 47. b6 Bc6+ 48. Kb3 Be3 49. Kc4 Bxb6 50. Kd3 Bb5+ 51. Kd2 Bxe2 52. Kxe2 Kg4
53. Kf1 Kf3 {Adrian-Wills resigns} 0-1

[Event "ICS rated blitz match"]
[Site "204.178.125.65"]
[Date "2000.12.29"]
[Round "?"]
[White "Hossa"]
[Black "Adrian-Wills"]
[Result "1-0"]
[WhiteElo "2523"]
[BlackElo "1905"]
[PlyCount "67"]
[EventDate "2000.??.??"]

1. d4 g6 2. c4 Bg7 3. Nc3 d6 4. e4 Nf6 5. f3 O-O 6. Be3 Nh5 7. Bd3 e5 8. dxe5
dxe5 9. Nge2 c6 10. O-O Nd7 11. Qc2 Qe7 12. Rfd1 Re8 13. Na4 Bf8 14. c5 Ng7 15.
Bc4 Ne6 16. b4 Bg7 17. Qd2 Ndf8 18. Qd6 Qxd6 19. cxd6 Rd8 20. Nc5 Nxc5 21. bxc5
Be6 22. Bb3 Rd7 23. Nc3 Bxb3 24. axb3 Ne6 25. Na4 f5 26. Nb6 axb6 27. Rxa8+ Kf7
28. exf5 gxf5 29. b4 bxc5 30. bxc5 Nd4 31. Bxd4 exd4 32. Kf2 Ke6 33. Re1+ Kd5
34. Re7 {Adrian-Wills resigns} 1-0

[Event "ICS rated blitz match"]
[Site "204.178.125.65"]
[Date "2000.12.29"]
[Round "?"]
[White "Greb"]
[Black "Hossa"]
[Result "0-1"]
[WhiteElo "1942"]
[BlackElo "2524"]
[PlyCount "74"]
[EventDate "2000.??.??"]

1. d4 d5 2. Nf3 Nf6 3. Bf4 c5 4. e3 Qb6 5. Qc1 e6 6. Nbd2 cxd4 7. exd4 Nh5 8.
Be3 Nc6 9. c3 Bd6 10. Be2 Nf4 11. Bf1 f6 12. g3 Ng6 13. Bg2 Nge7 14. O-O Nf5
15. Re1 Bd7 16. a4 O-O-O 17. b4 Qc7 18. a5 Nce7 19. a6 b6 20. Qb2 Kb8 21. b5
Rc8 22. Rab1 Qxc3 23. Nf1 Qxb2 24. Rxb2 Nxe3 25. fxe3 Rc3 26. N1d2 Ba3 27. Ra2
Bc1 28. e4 Rhc8 29. exd5 Nxd5 30. Ne4 Rc2 31. Rxc2 Rxc2 32. Bf1 Be3+ 33. Kh1
Rb2 34. Nc3 Nxc3 35. Rxe3 Nxb5 36. Bxb5 Rxb5 37. Kg2 Ra5 {Greb resigns} 0-1

[Event "ICS rated blitz match"]
[Site "204.178.125.65"]
[Date "2000.12.29"]
[Round "?"]
[White "Hossa"]
[Black "aguaraninu"]
[Result "1-0"]
[WhiteElo "2525"]
[BlackElo "2054"]
[PlyCount "29"]
[EventDate "2000.??.??"]

1. d4 d5 2. c4 c6 3. Nf3 Nf6 4. Nc3 e6 5. cxd5 exd5 6. Bg5 Bd6 7. e3 O-O 8. Bd3
Nbd7 9. Qc2 h6 10. Bh4 Qc7 11. O-O g5 12. Bg3 Bxg3 13. fxg3 Re8 14. Rae1 Nb6
15. Nxg5 {aguaraninu resigns} 1-0

[Event "ICS rated blitz match"]
[Site "204.178.125.65"]
[Date "2000.12.29"]
[Round "?"]
[White "aguaraninu"]
[Black "Hossa"]
[Result "0-1"]
[WhiteElo "2084"]
[BlackElo "2527"]
[PlyCount "70"]
[EventDate "2000.??.??"]

1. e4 c6 2. d4 d5 3. Nc3 dxe4 4. Nxe4 e6 5. Nf3 f5 6. Ng3 Nf6 7. Bd3 Be7 8. O-O
O-O 9. c3 c5 10. Re1 Nc6 11. Bc2 cxd4 12. cxd4 Bd7 13. Bf4 Nd5 14. Be5 Bb4 15.
Rf1 Nxe5 16. Nxe5 Rc8 17. Rc1 Bb5 18. Bd3 Rxc1 19. Qxc1 Bxd3 20. Nxd3 f4 21.
Ne4 f3 22. g3 Qb6 23. Ndc5 Rc8 24. a3 Bxc5 25. dxc5 Qb3 26. Rd1 b6 27. Rd2 bxc5
28. Nxc5 Qb7 29. b4 Qf7 30. Qe1 Qf5 31. h4 Nf4 32. Qf1 Ne2+ 33. Kh2 Qf6 34. Qh3
Re8 35. Rd6 Qa1 {aguaraninu resigns} 0-1

[Event "ICS rated blitz match"]
[Site "204.178.125.65"]
[Date "2000.12.29"]
[Round "?"]
[White "Hossa"]
[Black "aguaraninu"]
[Result "1-0"]
[WhiteElo "2529"]
[BlackElo "2082"]
[PlyCount "55"]
[EventDate "2000.??.??"]

1. d4 d5 2. c4 e6 3. Nf3 c6 4. Nbd2 Nf6 5. g3 Be7 6. Bg2 O-O 7. O-O b6 8. Qc2
Bb7 9. e4 Nbd7 10. Ng5 h6 11. Ngf3 Rc8 12. Rd1 c5 13. e5 Ne8 14. dxc5 Nxc5 15.
Nd4 Qc7 16. f4 Qb8 17. g4 dxc4 18. Nxc4 Bxg2 19. Qxg2 Qa8 20. Qxa8 Rxa8 21. Nc6
Bh4 22. Be3 Nc7 23. Bxc5 bxc5 24. Rd7 Nd5 25. f5 a6 26. Nd6 exf5 27. Nxf5 Bg5
28. Rxd5 {aguaraninu resigns} 1-0

[Event "ICS rated blitz match"]
[Site "204.178.125.65"]
[Date "2000.12.29"]
[Round "?"]
[White "Hossa"]
[Black "aguaraninu"]
[Result "1-0"]
[WhiteElo "2531"]
[BlackElo "2094"]
[PlyCount "71"]
[EventDate "2000.??.??"]

1. d4 d5 2. c4 c6 3. Nf3 e6 4. Qc2 Nf6 5. g3 Be7 6. Bg2 O-O 7. O-O Nbd7 8. b3
b5 9. cxd5 cxd5 10. Bf4 Bb7 11. Bc7 Qe8 12. a4 Rc8 13. Na3 b4 14. Nb5 a6 15.
Na7 Ra8 16. Nc6 Rc8 17. Rac1 Ne4 18. Nxe7+ Qxe7 19. a5 Rfe8 20. Bh3 Ndf6 21.
Nh4 Qd7 22. f3 Ng5 23. Bg2 Re7 24. Qd2 Nxf3+ 25. Nxf3 Rxc7 26. Qxb4 Ne4 27. Ne5
Qc8 28. Qxe7 Rxc1 29. Qxf7+ Kh8 30. Bxe4 Rxf1+ 31. Qxf1 dxe4 32. e3 Bd5 33.
Nf7+ Kg8 34. Nd6 Qd8 35. Qf7+ Kh8 36. Ne8 {aguaraninu resigns} 1-0

[Event "ICS rated blitz match"]
[Site "204.178.125.65"]
[Date "2000.12.29"]
[Round "?"]
[White "aguaraninu"]
[Black "Hossa"]
[Result "0-1"]
[WhiteElo "2086"]
[BlackElo "2533"]
[PlyCount "102"]
[EventDate "2000.??.??"]

1. d4 e6 2. c4 Bb4+ 3. Nc3 Nf6 4. Qc2 d5 5. cxd5 exd5 6. e3 O-O 7. Bd3 c5 8.
Nf3 c4 9. Be2 g6 10. a3 Bf5 11. Qd1 Ba5 12. O-O Nc6 13. Bd2 Bc7 14. h3 a6 15.
Rc1 Bd6 16. Ne1 Na5 17. e4 Nxe4 18. Nxd5 Nxd2 19. Qxd2 Nb3 20. Qh6 Be6 21. Nf3
Nxc1 22. Ng5 Nxe2+ 23. Kh1 Qxg5 24. Qxg5 f5 25. Nf6+ Kh8 26. d5 Be7 27. dxe6
Bxf6 28. Qe3 Nd4 29. Rd1 Nc6 30. Rd7 Rfd8 31. Rxb7 Na5 32. Rf7 Bg7 33. Rxg7
Kxg7 34. Qe5+ Kg8 35. Qxa5 Rd6 36. e7 Re8 37. Qe5 Rd1+ 38. Kh2 Kf7 39. Qc5 Re1
40. Qxc4+ Re6 41. g4 fxg4 42. hxg4 R8xe7 43. f4 Kf8 44. Qc8+ Re8 45. Qc5+ R6e7
46. f5 gxf5 47. gxf5 Kg7 48. Qc3+ Kh6 49. Qh3+ Kg5 50. Qg3+ Kxf5 51. Qf3+ Kg5 {
aguaraninu forfeits on time} 0-1

[Event "ICS Rated blitz match"]
[Site "204.178.125.65"]
[Date "2000.12.29"]
[Round "?"]
[White "Hossa"]
[Black "aguaraninu"]
[Result "0-1"]
[WhiteElo "2535"]
[BlackElo "2084"]
[PlyCount "122"]
[EventDate "2000.??.??"]

1. d4 d5 2. c4 e6 3. Nf3 Nf6 4. g3 Be7 5. Bg2 O-O 6. c5 b6 7. cxb6 axb6 8. O-O
Bb7 9. Bf4 c5 10. Nc3 Nbd7 11. Nb5 Bc6 12. Bc7 Qc8 13. Bd6 Bxd6 14. Nxd6 Qc7
15. Nxf7 Rxf7 16. Ng5 Re7 17. Bh3 Nf8 18. dxc5 bxc5 19. Qc2 c4 20. b3 Bb5 21.
a4 Ba6 22. b4 Rd8 23. b5 Bb7 24. a5 Qc5 25. a6 Ba8 26. Rfb1 Rb8 27. Qb2 Rb6 28.
Qa3 Qxa3 29. Rxa3 h6 30. Nf3 N8d7 31. Nd4 Nc5 32. f4 Nfe4 33. Bg2 Nd6 34. Kf2
Ra7 35. Raa1 Kf7 36. g4 Nd7 37. Kg3 Nf6 38. Kh3 Nfe4 39. Ra3 g5 40. Bxe4 Nxe4
41. f5 e5 42. Ne6 d4 43. Ra5 c3 44. e3 d3 45. Nd8+ Ke8 46. Raa1 Kxd8 47. Rb3 d2
48. Rf1 c2 49. Rd3+ Ke7 50. Rxd2 Nxd2 51. Rc1 Rc7 52. Kg3 Nb3 53. Rf1 c1=Q 54.
Rxc1 Rxc1 55. h4 Rxb5 56. hxg5 hxg5 57. Kh3 Rc2 58. a7 Rb4 59. e4 Rxe4 60. f6+
Kxf6 61. Kg3 Re3# {Hossa checkmated} 0-1

[Event "ICS rated blitz match"]
[Site "204.178.125.65"]
[Date "2000.12.29"]
[Round "?"]
[White "Nimni"]
[Black "Hossa"]
[Result "0-1"]
[WhiteElo "2169"]
[BlackElo "2505"]
[PlyCount "46"]
[EventDate "2000.??.??"]

1. e4 c6 2. d4 d5 3. Nc3 dxe4 4. Nxe4 e6 5. Nf3 f5 6. Ned2 Nf6 7. Bd3 c5 8. c3
Nc6 9. Nb3 cxd4 10. Nbxd4 Nxd4 11. Nxd4 Bd6 12. O-O O-O 13. Bg5 Qb6 14. Re1
Qxb2 15. Nxe6 Bxe6 16. Rxe6 Bxh2+ 17. Kxh2 Ng4+ 18. Kg1 Qxf2+ 19. Kh1 Qg3 20.
Kg1 Qh2+ 21. Kf1 Qh1+ 22. Ke2 Qxg2+ 23. Ke1 Qf2# {Nimni checkmated} 0-1

[Event "ICS rated blitz match"]
[Site "204.178.125.65"]
[Date "2000.12.29"]
[Round "?"]
[White "Hossa"]
[Black "Nimni"]
[Result "1-0"]
[WhiteElo "2509"]
[BlackElo "2165"]
[PlyCount "41"]
[EventDate "2000.??.??"]

1. d4 Nf6 2. Nf3 g6 3. Nc3 Bg7 4. e4 d6 5. Bd3 O-O 6. O-O Bg4 7. h3 Bxf3 8.
Qxf3 Nbd7 9. Be3 e5 10. d5 b6 11. Bb5 Nc5 12. b4 Ncd7 13. Bc6 Rb8 14. Bg5 Qc8
15. Nb5 a6 16. Na7 Qe8 17. Bxf6 Bxf6 18. Bxd7 Qxd7 19. Qxf6 c5 20. Nc6 Rbc8 21.
Ne7+ {Nimni resigns} 1-0

[Event "ICS rated standard match"]
[Site "204.178.125.65"]
[Date "2000.12.29"]
[Round "?"]
[White "skalog"]
[Black "Hossa"]
[Result "0-1"]
[WhiteElo "1937"]
[BlackElo "2294"]
[PlyCount "60"]
[EventDate "2000.??.??"]

1. d4 d5 2. c4 e6 3. Nc3 c5 4. cxd5 exd5 5. Nf3 Nc6 6. g3 Nf6 7. Bg2 Be7 8. O-O
O-O 9. Bg5 cxd4 10. Nxd4 h6 11. Be3 Re8 12. Rc1 Bg4 13. Qa4 Qd7 14. Rfd1 Bh3
15. Bh1 a6 16. Nxc6 bxc6 17. Bd4 Qb7 18. e4 dxe4 19. Nxe4 Nd5 20. Qxc6 Qxc6 21.
Rxc6 Bg4 22. Rdc1 Nb4 23. Rc7 Nxa2 24. R1c4 Be6 25. Ra4 Bb3 26. Rxa2 Bxa2 27.
Nc3 Bd8 28. Rc5 Re1+ 29. Kg2 Bb3 30. Kh3 Rxh1 {skalog resigns} 0-1

[Event "ICS rated blitz match"]
[Site "204.178.125.65"]
[Date "2000.12.29"]
[Round "?"]
[White "Conjecture"]
[Black "Hossa"]
[Result "0-1"]
[WhiteElo "2001"]
[BlackElo "2513"]
[PlyCount "86"]
[EventDate "2000.??.??"]

1. e4 c6 2. d4 d5 3. e5 c5 4. c3 e6 5. f4 cxd4 6. cxd4 Nc6 7. Nf3 Nh6 8. Nc3
Nf5 9. a3 a6 10. b4 Qc7 11. Qd3 Be7 12. Bd2 Bd7 13. Be2 b5 14. O-O Qb6 15. Be3
Bxb4 16. axb4 Nxb4 17. Qd2 Nxe3 18. Qxe3 Nc2 19. Qd3 Nxa1 20. Rxa1 Qb7 21. g4
h5 22. f5 hxg4 23. fxe6 Bxe6 24. Ng5 b4 25. Nxe6 fxe6 26. Na4 Qf7 27. Bxg4 O-O
28. Rf1 Qxf1+ 29. Qxf1 Rxf1+ 30. Kxf1 Kf7 31. Nc5 Re8 32. Ke2 a5 33. Kd3 Re7
34. Kc2 g6 35. Kb3 Ke8 36. Bxe6 Rh7 37. h3 Rh4 38. Bxd5 Rxd4 39. Bc4 Rh4 40. e6
Rxh3+ 41. Ka4 Rc3 42. Kb5 Ke7 43. Bd5 Re3 {Conjecture forfeits on time} 0-1

[Event "ICS rated blitz match"]
[Site "204.178.125.65"]
[Date "2000.12.29"]
[Round "?"]
[White "Hossa"]
[Black "armenjan"]
[Result "1-0"]
[WhiteElo "2515"]
[BlackElo "1987"]
[PlyCount "57"]
[EventDate "2000.??.??"]

1. d4 e6 2. Nf3 f5 3. Bg5 Nf6 4. e3 d5 5. Bd3 Be7 6. c4 O-O 7. O-O c6 8. Nc3
Ne4 9. Bf4 Nd7 10. Qe2 Qe8 11. Bc2 h6 12. Ne5 Nxe5 13. Bxe5 Bf6 14. f4 Bd7 15.
Nxe4 fxe4 16. Qg4 Qe7 17. Rac1 Rae8 18. Bb3 Bxe5 19. fxe5 Rxf1+ 20. Rxf1 Rf8
21. Rxf8+ Qxf8 22. cxd5 cxd5 23. Bxd5 Qc8 24. Bb3 Qc1+ 25. Kf2 Qxb2+ 26. Kg3
Kf7 27. Qf5+ Ke7 28. Qg6 Kf8 29. Bxe6 {armenjan resigns} 1-0

[Event "ICS rated blitz match"]
[Site "204.178.125.65"]
[Date "2000.12.29"]
[Round "?"]
[White "Afterburner"]
[Black "Hossa"]
[Result "0-1"]
[WhiteElo "2197"]
[BlackElo "2516"]
[PlyCount "72"]
[EventDate "2000.??.??"]

1. e4 c6 2. d3 d5 3. Nd2 e6 4. g3 Nd7 5. Bg2 Ngf6 6. f4 dxe4 7. dxe4 Be7 8.
Ngf3 O-O 9. O-O Bc5+ 10. Kh1 Ng4 11. Nc4 Nf2+ 12. Rxf2 Bxf2 13. e5 Nxe5 14.
Qxd8 Rxd8 15. Ncxe5 Rd1+ 16. Bf1 Be3 17. Bxe3 Rxa1 18. Kg2 Rxa2 19. h4 Rxb2 20.
Bd3 f6 21. Ng4 a5 22. h5 b6 23. h6 Ba6 24. Bxa6 Rxa6 25. hxg7 Rxc2+ 26. Kh3 Rc3
27. Bd4 Rc5 28. Bxf6 Rh5+ 29. Nh4 Ra8 30. Ne5 a4 31. g4 Rxe5 32. fxe5 a3 33.
Nf3 a2 34. Ng5 a1=Q 35. Nxe6 Qd1 36. Kh4 Ra4 {Afterburner forfeits on time} 0-1

[Event "ICS rated blitz match"]
[Site "204.178.125.65"]
[Date "2000.12.29"]
[Round "?"]
[White "Hossa"]
[Black "Afterburner"]
[Result "1-0"]
[WhiteElo "2520"]
[BlackElo "2193"]
[PlyCount "33"]
[EventDate "2000.??.??"]

1. d4 d5 2. c4 Nc6 3. Nf3 Bg4 4. cxd5 Bxf3 5. gxf3 Qxd5 6. e3 e5 7. Nc3 Bb4 8.
Bd2 Bxc3 9. bxc3 Qd6 10. Qb3 Nf6 11. Qxb7 O-O 12. Bb5 Na5 13. Qa6 exd4 14. cxd4
c6 15. Bxa5 Rfe8 16. Bxc6 Qxd4 17. Rd1 {Afterburner resigns} 1-0

[Event "ICS rated blitz match"]
[Site "204.178.125.65"]
[Date "2000.12.29"]
[Round "?"]
[White "armenjan"]
[Black "Hossa"]
[Result "0-1"]
[WhiteElo "1985"]
[BlackElo "2524"]
[PlyCount "76"]
[EventDate "2000.??.??"]

1. d4 d5 2. c4 e6 3. Nf3 Nf6 4. g3 Be7 5. Bg2 O-O 6. O-O dxc4 7. Nbd2 b5 8. a4
c6 9. e4 Bb7 10. e5 Nd5 11. Ne4 Na6 12. Bg5 Nab4 13. Bxe7 Qxe7 14. Nc5 Na6 15.
Nxb7 Qxb7 16. Ng5 Nab4 17. Qh5 h6 18. Ne4 Nd3 19. Nd6 Qb6 20. axb5 cxb5 21. Qg4
Nxb2 22. Bxd5 exd5 23. Nf5 g6 24. Nxh6+ Kh7 25. Qh4 g5 26. Qxg5 Qxh6 27. Qf5+
Kg8 28. Qd7 a6 29. f4 Qe6 30. Qc7 Rfc8 31. Qa5 Nd3 32. f5 Qh6 33. e6 Qe3+ 34.
Kh1 Qe4+ 35. Kg1 Qxd4+ 36. Kh1 c3 37. exf7+ Kxf7 38. Qa2 c2 {armenjan resigns}
0-1

[Event "ICS rated blitz match"]
[Site "204.178.125.65"]
[Date "2000.12.29"]
[Round "?"]
[White "Hossa"]
[Black "armenjan"]
[Result "1-0"]
[WhiteElo "2525"]
[BlackElo "1984"]
[PlyCount "42"]
[EventDate "2000.??.??"]

1. d4 Nf6 2. c4 e6 3. Nf3 Bb4+ 4. Nbd2 c5 5. dxc5 Na6 6. a3 Bxc5 7. b4 Be7 8.
e3 Nc7 9. Bd3 a5 10. b5 b6 11. O-O Bb7 12. Bb2 O-O 13. Qc2 h6 14. Bd4 Bc5 15.
Bxc5 bxc5 16. Rfd1 d5 17. Nb3 Nd7 18. cxd5 Nxd5 19. Nxc5 Nxc5 20. Qxc5 Rc8 21.
Qa7 Qf6 {armenjan resigns} 1-0

[Event "ICS rated blitz match"]
[Site "204.178.125.65"]
[Date "2000.12.29"]
[Round "?"]
[White "Tim"]
[Black "Hossa"]
[Result "0-1"]
[WhiteElo "2451"]
[BlackElo "2526"]
[PlyCount "78"]
[EventDate "2000.??.??"]

1. d4 d5 2. e4 dxe4 3. Nc3 Nf6 4. f3 exf3 5. Nxf3 Bf5 6. Ne5 e6 7. g4 Bg6 8.
Qf3 Bxc2 9. Qxb7 Nbd7 10. Bb5 Rb8 11. Qxa7 Bd6 12. Nc6 Ra8 13. Qb7 Qc8 14.
Qxc8+ Rxc8 15. Ba6 Nb8 16. Bxc8 Nxc6 17. Ne2 Be4 18. Rf1 Nxg4 19. Bb7 Nxh2 20.
Bxc6+ Bxc6 21. Rf2 Nf3+ 22. Kd1 f5 23. a4 h5 24. Bf4 Bxf4 25. Nxf4 Nxd4 26. a5
Kf7 27. a6 g5 28. Nd3 Nb3 29. Ra3 Rd8 30. Kc2 Nd4+ 31. Kc1 Kf6 32. Rd2 e5 33.
Nb4 Be4 34. a7 Ra8 35. Ra6+ Ke7 36. Rxd4 exd4 37. Kd2 h4 38. Nd3 h3 39. Rh6 g4
{Tim resigns} 0-1